Age of Mythology Gods & Goddesses - Statistics

General Stats
  • This quiz has been taken 795 times
  • The average score is 26 of 48
Answer Stats
Hint Answer % Correct
King of the Underworld Hades
99%
King of the Gods Zeus
99%
God of the Sea Poseidon
95%
God of War Ares
93%
Goddess of Wisdom Athena
93%
Goddess of Love Aphrodite
91%
Messenger of the Gods Hermes
91%
Queen of the Gods Hera
90%
God of Light Apollo
86%
Goddess of the Hunt Artemis
84%
God of Thunder Thor
79%
God of Wine Dionysus
78%
Titan of Time Kronos
78%
The All-Father Odin
76%
God of Mischief Loki
75%
The Sun God Ra
72%
Goddess of the Underworld Hel
70%
Titan of the Earth Gaia
69%
Titan who carries the Eath Atlas
63%
God of Fire Hephaestus
63%
Goddess of Magic Isis
59%
God of the Underworld Osiris
57%
Titan of the Sun Helios
55%
God of the Dead Anubis
53%
God of the Desert Set
50%
Goddess of beauty and love Freyja
49%
Watcher of the Bifrost Heimdall
46%
Titan of Fire Prometheus
45%
Goddess of Cats Bast
44%
Goddess of Witchcraft Hecate
39%
God of Vengeance and the Sky Horus
38%
Titan of the Oceans Oceanus
38%
Titan of the Sky Oranos
36%
Titan of Fertility Rheia
36%
God of Wisdom Thoth
35%
God of Valour and Bravery Tyr
30%
Goddess of Vengeance Sekhmet
24%
God of Beauty Baldr
20%
God of Creation Ptah
20%
Goddess of Winter Skadi
20%
God of Poetry Bragi
18%
Titan of Watching Hyperion
18%
God of Sea, Wind and Fire Njord
18%
Goddess of the Sky Hathor
17%
Goddess of Death and Life Nephthys
16%
God of Justice Forseti
14%
Titan of Motherhood Leto
14%
Titan of Sight Theia
14%
No matching quizzes found
Score Distribution
Percent of People with Each Score
Percentile by Number Answered
Your Score History
You have not taken this quiz